000 00720nam a2200217Ii 4500
003 JO-AjNU
008 230605s9999||||xx |||||||||||||| ||und||
017 _a1980/4560
040 _aJO-AjNU
_bara
_erda
_cJO-AjNU
041 _aara
050 1 4 _aGN448.A3336 1980
100 3 _a تاليف العادلى، فاروق محمد,
_eauthor
_918770
245 0 0 _aالأنثروبولوجيا الاقتصادية: قضايا نظرية ونماذج وافعية
250 _aط1
264 3 1 _aالقاهرة: المؤلف، 1980
300 _a274ص
336 _atext
_btxt
_2rdacontent
337 _aunmediated
_bn
_2rdamedia
338 _avolume
_bnc
_2rdacarrier
650 4 _aعلم الانسان-اقتصاد
_918771
999 _aA6066
_c9634
_d9634